000 00375cam a22001217a 4500
008 180718b1965 xxu||||| |||| 00| 0 eng d
082 _aA81x54 In2/61/Vol 4/Pt 2-D
100 _aCensus of India 1961
245 _aBihar: migration tables
260 _aDelhi
_bThe Manager of Publications
_c1965
300 _a539+p.
440 _aCensus of India 1961. Volume IV, Bihar. Part II-D
999 _c483909
_d483909